000 00613nam a2200205Ia 4500
003 GCL
008 140319s9999 xx 000 0 ara d
040 _aGCL /
_cGCL
082 0 4 _a810.9038
_bغ ب
100 1 _aغالى شكرى
245 1 0 _aبرج بابل: النقد والحداثة الشريدة /
_cغالى شكرى
260 _a[S.N] :
_bالهيئة المصرية العامة للكتاب ،
_c1994
300 _a255 ص
490 _a
650 0 4 _aالادب العربى
650 0 4 _aالعصر الحديث
650 0 4 _aالنقد
650 0 4 _aتاريخ ونقد
942 _2ddc
_cBK
999 _c33315
_d33315